000 01133nam a2200265Ia 4500
003 OSt
005 20210510124027.0
008 210310s1999 mx ad gr 001 0 spa d
020 _a968727008X
040 _aCO-JMCR
_cCO-JMCR
041 0 _aspa
082 0 4 _a338.5 /
_bC156m
_223
100 1 _aCall, Steven T.,
_914756
_eautor
245 1 0 _aMicroeconomía /
_cSteven T. Call, William L. Holahan
260 _aMéxico :
_bGrupo Editorial Iberoamérica,
_c1999
300 _a594 páginas :
_bilustraciones y gráficas a blanco y negro ;
_c24 cm.
500 _aIncluye glosario e índice temático al final del texto.
505 0 _aEl estudio de la microeconomía -- Oferta y demanda -- El comportamiento del consumidor, la demanda y la elasticidad -- Ampliación y aplicación de la teoría de la demanda -- La producción -- Los costos de producción -- Competencia -- Temas avanzados
650 1 4 _aMicroeconomía Costos Demanda Teoría económica
_914758
650 2 4 _aCostos
_911303
650 2 4 _aDemanda
_937511
650 2 4 _aTeoría económica
_937512
700 1 _aHolahan, William L.,
_eautor
_94957
942 _2ddc
_cBK
999 _c7551
_d7551